Estudios de crítica literaria (Registro nro. 86622)

Detalles MARC
000 -ENCABEZADO
Número de control [NR] 00750nam a22002057a 4500
008 - DE LONGITUD FIJA DE DATOS DE ELEMENTOS - INFORMACIÓN GENERAL
Elementos de longitud fija [NR] 130821s1893 sp gr spa
040 ## - FUENTE DE CATALOGACION [NR]
Agencia de catalogación original [NR] Co-BoUCM
Idioma de catalogación [NR] spa
041 00 - CODIGO DE IDIOMA [R]
Código de idioma para texto/pista de sonido o título separado [R] Español
100 ## - ASIENTO PRINCIPAL--NOMBRE PERSONAL [NR]
Nombre personal [NR] Menendez Y Pelayo, Marcelino
ID Autoridad 742
245 00 - MENCION DE TITULO [NR]
Título [NR] Estudios de crítica literaria
Mención de responsabilidad, etc. [NR] por el doctor Marcelino Menéndez y Pelayo
260 ## - PUBLICACION, DISTRIBUCION, ETC. (PIE DE IMPRENTA) [R]
Lugar de publicación, distribución, etc. [R] Madrid (España)
Nombre del editor, distribuidor, etc. [R] Tipografía de la Revista de Archivos
Fecha de publicación, distribución, etc. [R] 1893-1907
300 ## - DESCRIPCION FISICA [R]
Extensión [R] 4 volúmenes
490 ## - MENCION DE SERIE [R]
Mención de serie [R] Colección de Escritos Castellanos
500 ## - NOTA GENERAL [R]
Nota general [NR] Incluye índice a final de cada capítulo
650 04 - ASIENTO SECUNDARIO DE MATERIA - TERMINO TEMATICO [R]
Término temático o nombre geográfico como elemento de entrada [NR] Historia y crítica
9 (RLIN) 7696
650 04 - ASIENTO SECUNDARIO DE MATERIA - TERMINO TEMATICO [R]
Término temático o nombre geográfico como elemento de entrada [NR] Literatura
9 (RLIN) 18599
650 04 - ASIENTO SECUNDARIO DE MATERIA - TERMINO TEMATICO [R]
Término temático o nombre geográfico como elemento de entrada [NR] Literatura
Subdivisión general [R] Historia y crítica
9 (RLIN) 39437
942 ## - ELEMENTOS DE ENTRADA AGREGADOS (KOHA)
Tipo de ítem principal el descrito en 300a Libro
Tema principal Literatura
Edición 1
Parte restante de la signatura top. M35
Título oculto en OPAC No
Sistema de clasificación DEWEY
Clasificación 809
Existencias
Signatura topográfica Código de barras Última vez visto Volúmen / Fascículo Ejemplar Price effective from Tipo de ítem Perdido Sistema de clasificación Dañado No prestable Tipo de ítem específico Suprimido Ubicación habitual Ubicación actual Localización Fecha de creación Forma de adquisición Costo Total préstamos
FCS 809 M35 120002312 11/07/2012 V.1 Ej.1 03/02/2013 Libro   DEWEY     Fondos especiales     Archivo Histórico Archivo histórico 28/02/2003 Donación 1000.00  
FCS 809 M35 120002314 11/07/2012 V.3 Ej.16 03/02/2013 Libro   DEWEY     Fondos especiales     Archivo Histórico Archivo histórico 28/02/2003 Donación 1000.00  
FCS 809 M35 120002315 11/07/2012 V.4 Ej.1 03/02/2013 Libro   DEWEY     Fondos especiales     Archivo Histórico Archivo histórico 28/02/2003 Donación 1000.00  
FCS 809 M35 120002313 11/07/2012 V.2 Ej.1 03/02/2013 Libro   DEWEY     Fondos especiales   Bodega Bodega Préstamo 4 días después de solicitado 28/02/2003 Donación 1000.00